000 00430nab a2200145Ia 4500
003 ES-SlBCS
005 20210601130755.0
008 140529s1984 xxu||||| |||| 00| 0 fre d
041 _afre
100 1 _aGabaude, Jean-Marc
_957161
245 0 0 _aQuestions post-cartésiennes
_c Jean-Marc Gabaude
650 0 4 _aFenomenología
_986431
773 0 _tPresença Filosofica
_gvol. 10, nº. 3-4, 1984, págs. 256-261
_wRev966
942 _cAR
999 _c552136
_d552136